000 01696nam a2200265Ia 4500
008 0000002007 ve ad 0000000000spa00
090 _aPSP00 P14a
100 1 _aPalomero, Federica
245 1 3 _aAdrián Pujol
_b: viaje interminable
_c/ textos Federica Palomero, María Elena Ramos ; fotografías Toni Catany
300 _a[36] p.
_c/ 21 cm.
440 _aCatálogo No. 10
500 _aExposición realizada en Fundación Trasnocho Cultural, Caracas, mayo, 2006 \ Incluye datos biográficos del artista \ Con el patronazgo del maestro venezolano Jesús Rafael Soto (q.e.p.d.)
501 _aAdrián Pujol o la transfiguración del paisaje venezolano / Rosa Elda Fernández Adrián Pujol : retratándose en el paisaje / Federica Palomero Yo no soy un pintor viajero, yo soy un viajero que pinta / María Elena Ramos
505 _aOBRAS : Nocturno con naranjos Plantación de caá de azúcar en Curpa Nubes sobre el Páramo de Pinango Páramo de Pinango El Pico Bolívar desde el Pico el Aguila Páramo hacia Pinango, desde el Pico el Aguila El Pico, Paraguana Finca Santa María, Barinas Pozo Chocolmao, Cumboto Los Palotes, Cumboto Río Santo Domingo, Barinas La Sabana de Uruyen San Juan de las Galdonas
600 0 0 _aPUJOL, ADRIAN, 1948/
_xTRABAJOS PICTORICOS
650 1 4 _aARTE CONTEMPORANEO ESPAÑOL
650 1 4 _aARTISTAS PLASTICOS ESPAÑOLES EXPOSIONES
650 1 4 _aARTISTAS PLASTICOS ESPAÑOLES EN VENEZUELA
650 1 4 _xCATALOGOS
650 1 4 _xEXPOSICIONES
650 1 4 _aPINTORES ESPAÑOLES
650 1 4 _aPINTURA ESPAÑOLA
700 1 _aRamos, María Elena \ Catany, Toni
999 _c5603
_d5603
260 _aCarácas : Fundación Trasnocho Cultural
_c2007